SRELS Journal of Information Management (2016- (Record no. 285148)

MARC details
000 -LEADER
fixed length control field 00462nam a2200169Ia 4500
008 - FIXED-LENGTH DATA ELEMENTS--GENERAL INFORMATION
fixed length control field 240126s9999 xx 000 0 und d
022 ## - INTERNATIONAL STANDARD SERIAL NUMBER
International Standard Serial Number 2229-7367
041 ## - LANGUAGE CODE
Language code of text/sound track or separate title English
082 ## - DEWEY DECIMAL CLASSIFICATION NUMBER
Classification number LIBRARY-J1
245 #0 - TITLE STATEMENT
Title SRELS Journal of Information Management (2016-
260 ## - PUBLICATION, DISTRIBUTION, ETC.
Name of publisher, distributor, etc. SRELS
Place of publication, distribution, etc. Bangalore
300 ## - PHYSICAL DESCRIPTION
Dimensions JN39154,CD7127
440 ## - SERIES STATEMENT/ADDED ENTRY--TITLE
Title NULL
650 ## - SUBJECT ADDED ENTRY--TOPICAL TERM
Topical term or geographic name entry element Information Science
650 ## - SUBJECT ADDED ENTRY--TOPICAL TERM
Topical term or geographic name entry element SRELS,Information,Management,(2016-,Information Science
942 ## - ADDED ENTRY ELEMENTS (KOHA)
Koha item type Journals
Holdings
Date last seen Total checkouts Full call number Accession number Volume/Issue Number Price effective from Category Lost status Damaged status Withdrawn status Home library Current library Shelving location Entry date Grants Currency symbol Conversion rate Discount
26/01/2024   LIBRARY-J1 JN39154 55(1)(Feb, 2018) 26/01/2024 Journals       Central Library Central Library Central Library   IS RS 1  

© For any Suggestions or Query, please contact the library staff @ librarian@pes.edu or Phone: +9180 2672 1983/ 2108.